Fr. Conceicao Rodrigues College of Engineering

Datawarehousing (Record no. 19949)

MARC details
000 -LEADER
fixed length control field 00294nam a2200133Ia 4500
082 ## - DEWEY DECIMAL CLASSIFICATION NUMBER
Classification number 5.74
Item number BER
100 ## - MAIN ENTRY--PERSONAL NAME
Personal name Berson/Alex/ Smith/Stephen J
245 ## - TITLE STATEMENT
Title Datawarehousing
260 ## - PUBLICATION, DISTRIBUTION, ETC.
Name of publisher, distributor, etc. Tata Mc Graw hill
Date of publication, distribution, etc. 2004
300 ## - PHYSICAL DESCRIPTION
Extent 612
546 ## - LANGUAGE NOTE
Language note ENGLISH
654 ## - SUBJECT ADDED ENTRY--FACETED TOPICAL TERMS
Focus term datawarehousing
942 ## - ADDED ENTRY ELEMENTS (KOHA)
Koha item type BOOK
Holdings
Withdrawn status Lost status Damaged status Not for loan Collection Home library Current library Date acquired Total Checkouts Full call number Barcode Date last seen Date last checked out Price effective from Koha item type
        CRC Fr. Agnel's C.Rodrigues College of Engineering Fr. Agnel's C.Rodrigues College of Engineering 17/03/2023 1 5.74 BER 15650 01/01/2025 01/01/2025 17/03/2023 BOOK